Research infrastructure of green biomass application for self-sustaining local energy : International "Toward construction of regional Social system for supply of bio - energy in Asia"
This project aims to establish the research infrastructure of green biomass in Asia. Green biomass is expected to establish the self-sustaining local energy system by using various bioresources, climate and natural features, agricultural production technologies and rural society which are created an...
Сохранить в:
| Соавтор: | |
|---|---|
| Формат: | |
| Язык: | Undetermined |
| Опубликовано: |
[Tokyo]
Tokyo University of Agriculture and technology
[2009]
|
| Предметы: | |
| Метки: |
Добавить метку
Нет меток, Требуется 1-ая метка записи!
|
| Thư viện lưu trữ: | Trung tâm Học liệu Trường Đại học Cần Thơ |
|---|
| LEADER | 01238nam a2200205Ia 4500 | ||
|---|---|---|---|
| 001 | CTU_157943 | ||
| 008 | 210402s9999 xx 000 0 und d | ||
| 082 | |a 333.794 | ||
| 082 | |b R432 | ||
| 110 | |a Green-Biomass Research Group in Graduate School of Agriculture at TUAT | ||
| 245 | 0 | |a Research infrastructure of green biomass application for self-sustaining local energy : | |
| 245 | 0 | |b International "Toward construction of regional Social system for supply of bio - energy in Asia" | |
| 245 | 0 | |c Green-Biomass Research Group in Graduate School of Agriculture at TUAT | |
| 260 | |a [Tokyo] | ||
| 260 | |b Tokyo University of Agriculture and technology | ||
| 260 | |c [2009] | ||
| 520 | |a This project aims to establish the research infrastructure of green biomass in Asia. Green biomass is expected to establish the self-sustaining local energy system by using various bioresources, climate and natural features, agricultural production technologies and rural society which are created and subsisted in Asis | ||
| 650 | |a Nguồn năng lượng có thể tái tạo,Năng lương sinh khối,Renewable energy sources,Biomass energy | ||
| 904 | |i Huỳnh Mai | ||
| 980 | |a Trung tâm Học liệu Trường Đại học Cần Thơ | ||